The Christ-centered family. (Record no. 13230)

000 -LEADER
fixed length control field 00810nam a2200229 a 4500
001 - CONTROL NUMBER
control field :::00011048$&:&@@
003 - CONTROL NUMBER IDENTIFIER
control field OkBaRHE
005 - DATE AND TIME OF LATEST TRANSACTION
control field 20000607103405.0
008 - FIXED-LENGTH DATA ELEMENTS--GENERAL INFORMATION
fixed length control field s1977 j 000 0 eng u
020 ## - INTERNATIONAL STANDARD BOOK NUMBER
International Standard Book Number 0882439030
040 ## - CATALOGING SOURCE
Transcribing agency
100 1# - MAIN ENTRY--PERSONAL NAME
Personal name Brock, Raymond T.
245 14 - TITLE STATEMENT
Title The Christ-centered family.
260 ## - PUBLICATION, DISTRIBUTION, ETC. (IMPRINT)
Place of publication, distribution, etc Springfield, MO., :
Name of publisher, distributor, etc Gospel Publishing House
Date of publication, distribution, etc c1977
300 ## - PHYSICAL DESCRIPTION
Extent 124 p. ;
Dimensions 18 cm.
490 0# - SERIES STATEMENT
Series statement Radiant books
650 ## - SUBJECT ADDED ENTRY--TOPICAL TERM
Topical term or geographic name as entry element Assemblies of God, General Council
General subdivision Doctrinal and Controversial Works
650 ## - SUBJECT ADDED ENTRY--TOPICAL TERM
Topical term or geographic name as entry element Family
General subdivision Religious Life
942 ## - ADDED ENTRY ELEMENTS (KOHA)
Source of classification or shelving scheme
Koha item type Books
Copies
Lost status Damaged status Copy number Price effective from Barcode Permanent Location Koha item type Source of classification or shelving scheme Date acquired Withdrawn status Date last seen Shelving location Full call number Not for loan
  12010-04-1411048RHEMA Bible Training CollegeBooks 2010-04-14 2010-04-14General StacksBV 4526.2 .B686 
  22010-04-1415140RHEMA Bible Training CollegeBooks 2010-04-14 2010-04-14General StacksBV 4526.2 .B686